1986 1855 1063 1534 1153 1045 1245 1775 1663 1290 1749 1111 1494 1700 1421 1796 1727 1095 1895 1847 1936 1455 1376 1563 1325 1495 1631 1349 1096 1864 1128 1924 1309 1646 1648 1251 1385 1764 1938 1800 1179 1337 1901 1936 1736 1514 1458 1720 1457 1972 1859 1689 1931 1003 1779 1130 1097 1768 1154 1996 1503 1755 1948 1729 1841 1509 1925 1942 1650 1723 1749 1386 1321 1845 1858 1366 1349 1322 1595 1701 1752 1134 1407 1531 1021 1486 1107 1617 1025 1905 1301 1245 1392 1947 1619 1423 1858 1047 1633 BCNSPRNW ULIB Ver.6.0+V

เปลี่ยนเป็นภาษาไทย

Change to English
 แสดงรายละเอียดบรรณานุกรม
  กลับหน้าหลัก

Brief Record : Get Marc (ISO 2709) : E-mail record : QR code < ปิดหน้าต่าง
LEADER : 00000nam 2200000uu 4500
001    13399110939
003     ULIB
008    110613s||||||||th 000 0 tha d
020    9749183320
050  4 AC158^bอ944ด 2004
100    แอนดรูว์ ชาร์แมน
245    เด็กๆรู้ไหมทำไมนกโดโด้สูญพนธุ์ /^cผู้แต่ง แอนดรูว์ ชาร์แมน
260    กรุงเทพฯ : ^bโกรเลียร์ อินเตอร์เนชั่นแนล, ^c2004
300    32 หน้า : ^bภาพประกอบสี ; ^c28 ซม.
650  7 ความรู้รอบตัว
650  7 นกโดโด้
945    ^p350^l0^i029033
995    ทศพร
999 ^a ใช้งานได้ทุกระบบ
รายการนี้ยังไม่มีแท็ก
คุณยังไม่ได้ล็อกอิน คุณสามารถมีกิจกรรมร่วมกับเว็บไซต์ได้ แต่ต้องล็อกอินก่อน ::
  ล็อกอิน

รายการสื่อสารสนเทศ

ลำดับที่ ประเภท เลขเรียก/บาร์โค้ด สถานที่ สถานะ
- ไม่พบข้อมูล -

รายการใกล้เคียง
    ผู้แต่ง [แอนดรูว์ ชาร์แมน]

    หัวเรื่อง [ความรู้รอบตัว]

BibComment


ยังไม่เคยถูกคอมเมนท์

คอมเมนท์ทรัพยากรรายการนี้
  คอมเมนท์: เด็กๆรู้ไหมทำไมนก..


 Copyright 2026. Bcnsprnw @Library